[Event "Montesilvano Adriatico op 22nd"]
[Site "Montesilvano"]
[Date "2021.06.05"]
[Round "3"]
[White "Pasini, Nicolo"]
[Black "Adinolfi, Enrico"]
[Result "1-0"]
[WhiteElo "2233"]
[BlackElo "1952"]
[PlyCount "65"]
[EventDate "2021.06.04"]
[EventType "swiss"]
[EventRounds "5"]
[EventCountry "ITA"]
[SourceTitle "CBM 202 Extra"]
[Source "ChessBase"]
[SourceDate "2021.07.31"]
[SourceVersion "1"]
[SourceVersionDate "2021.07.31"]
[SourceQuality "1"]

1. e4 e6 2. d4 d5 3. Bd3 c5 4. exd5 exd5 5. Nf3 c4 6. Be2 Bd6 7. b3 cxb3 8. axb3 Nc6 9. 0-0 Nge7 10. c4 0-0 11. Na3 Bg4 12. c5 Bb8 13. Nc2 Qc7 14. g3 Qd7 15. b4 Ng6 16. b5 Nce7 17. Ne3 Bh3 18. Re1 h6 19. Kh1 f5 20. Ng1 f4 21. Nxh3 fxe3 22. Bxe3 Nf5 23. Bf1 Bc7 24. Bg2 Kh8 25. Qb3 Nfe7 26. Ng1 h5 27. Ne2 h4 28. Nc3 Rf5 29. b6 hxg3 30. hxg3 Rh5+ 31. Kg1 Bb8 32. Qd1 Rh7 33. Qf3 1-0